00178nam a2200073Ia 4500008004100000100001500041245003000056260001800086170817s9999 xx 000 0 und d aMishra.L.N 0aDictionary Of Mathematics bA. P. H. PUB.